Panduan menangani masalah jerawat (Record no. 85103)

MARC details
000 -LEADER
fixed length control field 00719nam a2200253 i 4500
001 - CONTROL NUMBER
control field C2-0278062
003 - CONTROL NUMBER IDENTIFIER
control field PPAK
005 - DATE AND TIME OF LATEST TRANSACTION
control field 20180728005844.0
008 - FIXED-LENGTH DATA ELEMENTS--GENERAL INFORMATION
fixed length control field 070204s my a|||| ||||| | may d
020 ## - INTERNATIONAL STANDARD BOOK NUMBER
International Standard Book Number 9831975103
040 ## - CATALOGING SOURCE
Original cataloging agency PPAK
Language of cataloging eng
Transcribing agency PPAK
Description conventions rda
082 04 - DEWEY DECIMAL CLASSIFICATION NUMBER
Classification number 616.93
Edition number 23
090 00 - LOCALLY ASSIGNED LC-TYPE CALL NUMBER (OCLC); LOCAL CALL NUMBER (RLIN)
Classification number (OCLC) (R) ; Classification number, CALL (RLIN) (NR) 616.93
Feature heading AHM
Feature heading G
100 0# - MAIN ENTRY--PERSONAL NAME
Personal name Ahmad Shukri Jamaluddin,
Relator term author
245 10 - TITLE STATEMENT
Title Panduan menangani masalah jerawat
264 #1 - PRODUCTION, PUBLICATION, DISTRIBUTION, MANUFACTURE, AND COPYRIGHT NOTICE
Place of production, publication, distribution, manufacture Kuala Lumpur :
Name of producer, publisher, distributor, manufacturer Synergy Media ,
Date of production, publication, distribution, manufacture, or copyright notice [date of publication not identified]
300 ## - PHYSICAL DESCRIPTION
Extent 53 pages :
Other physical details colour illustrations ;
Dimensions 26 cm
336 ## - CONTENT TYPE
Source rdacontent
Content type term text
337 ## - MEDIA TYPE
Source rdamedia
Media type term unmediated
338 ## - CARRIER TYPE
Source rdacarrier
Carrier type term volume
650 10 - SUBJECT ADDED ENTRY--TOPICAL TERM
Topical term or geographic name entry element Acne.
700 ## - ADDED ENTRY--PERSONAL NAME
Relator term author
942 ## - ADDED ENTRY ELEMENTS (KOHA)
-- dc
Koha item type Book
Holdings
Withdrawn Not for loan Current library Shelving location Date acquired Full call number Barcode Date last seen Koha item type Total Checkouts Date last checked out
    Perpustakaan Alor Setar Pinjaman Dewasa 14/05/2007 616.93 AHM A01170031 09/05/2018 Book    
    Perpustakaan Awam Sungai Petani Pinjaman Dewasa 14/05/2007 616.93 AHM A01170032 09/05/2018 Book    
    Perpustakaan Baling Pinjaman Dewasa 14/05/2007 616.93 AHM A01170038 09/05/2018 Book    
    Perpustakaan Bandar Baharu Pinjaman Dewasa 14/05/2007 616.93 AHM A01170039 09/05/2018 Book    
    Perpustakaan Jitra Pinjaman Dewasa 14/05/2007 616.93 AHM A01170033 09/05/2018 Book    
    Perpustakaan Kuala Nerang Pinjaman Dewasa 14/05/2007 616.93 AHM A01170040 09/05/2018 Book    
    Perpustakaan Kulim Pinjaman Dewasa 14/05/2007 616.93 AHM A01170035 04/08/2024 Book 1 14/07/2024
    Perpustakaan Langkawi Pinjaman Dewasa 14/05/2007 616.93 AHM A01170034 09/05/2018 Book    
    Perpustakaan Merbok Pinjaman Dewasa 14/05/2007 616.93 AHM A01170041 09/05/2018 Book    
    PD34, Kg. Pantai Prai Pinjaman Dewasa 31/03/2010 616.93 AHM A01324232 09/05/2018 Book